<?xml version="1.0" encoding="UTF-8"?>
<record
    xmlns:xsi="http://www.w3.org/2001/XMLSchema-instance"
    xsi:schemaLocation="http://www.loc.gov/MARC21/slim http://www.loc.gov/standards/marcxml/schema/MARC21slim.xsd"
    xmlns="http://www.loc.gov/MARC21/slim">

  <leader>05290nab a2200361 i 4500</leader>
  <controlfield tag="003">BR-BrBNA</controlfield>
  <controlfield tag="005">20250210130018.0</controlfield>
  <controlfield tag="008">250210b2016    bl.|r|pooa||| 00| 0 eng |</controlfield>
  <datafield tag="040" ind1=" " ind2=" ">
    <subfield code="a">BR-BrBNA</subfield>
    <subfield code="b">eng</subfield>
  </datafield>
  <datafield tag="072" ind1=" " ind2=" ">
    <subfield code="a">L73</subfield>
    <subfield code="b">5120</subfield>
  </datafield>
  <datafield tag="100" ind1=" " ind2=" ">
    <subfield code="a">Costa, R.L. </subfield>
  </datafield>
  <datafield tag="100" ind1=" " ind2=" ">
    <subfield code="a">Vitari, G.L.V. </subfield>
  </datafield>
  <datafield tag="100" ind1=" " ind2=" ">
    <subfield code="a">Silva, C.B. </subfield>
  </datafield>
  <datafield tag="100" ind1=" " ind2=" ">
    <subfield code="a">Peckle, M.P. </subfield>
  </datafield>
  <datafield tag="100" ind1=" " ind2=" ">
    <subfield code="a">Pires, M.S. </subfield>
  </datafield>
  <datafield tag="100" ind1=" " ind2=" ">
    <subfield code="a">Brandolini, S.V.P.B. </subfield>
  </datafield>
  <datafield tag="100" ind1=" " ind2=" ">
    <subfield code="a">Pinheiro, J. </subfield>
  </datafield>
  <datafield tag="100" ind1=" " ind2=" ">
    <subfield code="a">Massard, C.L. </subfield>
  </datafield>
  <datafield tag="100" ind1=" " ind2=" ">
    <subfield code="a">Santos, H.A. </subfield>
  </datafield>
  <datafield tag="245" ind1=" " ind2=" ">
    <subfield code="a">Molecular investigation of Neorickettsia risticii in trematodes and snails in a region with serological evidence of this agent in horses, state of Rio de Janeiro</subfield>
  </datafield>
  <datafield tag="500" ind1=" " ind2=" ">
    <subfield code="a">
Publica&#xE7;&#xE3;o online; 30 ref.; 3 illus.; Summaries  (En, Pt)</subfield>
  </datafield>
  <datafield tag="520" ind1=" " ind2=" ">
    <subfield code="a">


ABSTRACT - In Brazil, some studies have indicated that Neorickettsia risticii circulates in horses, but it is unclear which are the possible intermediate vectors of this bacterium in the country. The aim of this study was to use molecular techniques in order to analyze the presence of N. risticii in snails and larval stages of trematodes in farms in a region with a history of seroreactive horses towards this bacterium, in Rio de Janeiro, Brazil. Convenience sampling was used in the studied region. The collected snails were exposed to incandescent light (60W) for 2-4 hours in order to investigate trematodes in larval forms. Deoxyribonucleic acid (DNA) was extracted from snail tissue and trematode. Real-time PCR (qPCR) technique was used to investigate the presence of a 16S rRNA gene fragment of N. risticii. Snail specimens (n=410) were collected from 11 horse-breeding farms, and the following species were identified: Melanoides tuberculata, Pomacea sp., Biomphalaria tenagophila, Physa acuta, Drepanotrema anatinum and Biomphalaria straminea. Only 3.17% (n=13/410) of the collected snails were infected by trematodes. The cercariae obtained from these snails were classified as Megalourous cercariae, Pleurolophocercus cercariae and Furcocercous cercariae. There was no amplification of the target DNA of N. risticii in the snail and trematode samples tested by qPCR. Based on these data, the transmission of N. risticii by trematodes using these snail species in this region does not appear to occur or occurs at very low rates. Thus, further studies are needed in order to clarify which species of invertebrate hosts are infected by this bacterium and potentially participate in the transmission chain of equine neorickettsiosis in the state of Rio de Janeiro, Brazil.


Keywords: equine neorickettsiosis, molecular diagnosis, qPCR, intermediate hosts </subfield>
  </datafield>
  <datafield tag="520" ind1=" " ind2=" ">
    <subfield code="a">


RESUMO - No Brasil, estudos apontam a circula&#xE7;&#xE3;o de Neorickettsia risticii em equinos, contudo n&#xE3;o est&#xE3;o claros quais os poss&#xED;veis vetores intermedi&#xE1;rios dessa bact&#xE9;ria no pa&#xED;s. O objetivo do presente estudo foi analisar a presen&#xE7;a de N. risticii, utilizando-se t&#xE9;cnicas moleculares, em caramujos e est&#xE1;gios larvais de tremat&#xF3;deos em propriedades rurais de uma regi&#xE3;o com hist&#xF3;rico de equinos sororreativos para essa bact&#xE9;ria, no Rio de Janeiro, Brasil. Uma amostragem por conveni&#xEA;ncia foi utilizada na regi&#xE3;o de estudo. Os caramujos coletados foram expostos &#xE0; luz incandescente (60W) durante duas-quatro horas para a investiga&#xE7;&#xE3;o de tremat&#xF3;deos nas formas larvais. A extra&#xE7;&#xE3;o de &#xE1;cido desoxirribonucleico (DNA) foi realizada em tecidos de caramujos e tremat&#xF3;deos. A t&#xE9;cnica de PCR em tempo real (qPCR) foi utilizada para investigar a presen&#xE7;a de um fragmento do gene 16S rRNA de N. risticii. Foram coletados 410 esp&#xE9;cimes de caramujos de 11 propriedades com cria&#xE7;&#xF5;es de equinos, sendo identificadas as seguintes esp&#xE9;cies: Melanoides tuberculata, Pomacea sp., Biomphalaria tenagophila, Physa acuta, Drepanotrema anatinum e Biomphalaria straminea. Apenas 3,17% (n=13/410) dos caramujos identificados estavam infectados por tremat&#xF3;deos. As cerc&#xE1;rias obtidas desses caramujos foram classificadas em Megalourous cercariae, Pleurolophocercus cercariae e Furcocercous cercariae. N&#xE3;o foi observada a amplifica&#xE7;&#xE3;o do DNA-alvo de N. risticii, por meio da qPCR, em nenhuma das amostras de caramujos e tremat&#xF3;deos testadas. Com base nesses dados, a transmiss&#xE3;o de N. risticii por tremat&#xF3;deos que utilizam as esp&#xE9;cies de caramujos nessa regi&#xE3;o parece n&#xE3;o ocorrer ou ocorre a taxas muito reduzidas. Portanto, novos estudos s&#xE3;o necess&#xE1;rios para elucidar quais esp&#xE9;cies de hospedeiros invertebrados se infectam por essa bact&#xE9;ria e potencialmente participam da cadeia de transmiss&#xE3;o da neorickettsiose equina no estado do Rio de Janeiro, Brasil.


Palavras-chave: neorickettsiose equina, diagn&#xF3;stico molecular, qPCR, hospedeiros intermedi&#xE1;rios </subfield>
  </datafield>
  <datafield tag="650" ind1=" " ind2=" ">
    <subfield code="a">CAVALO</subfield>
  </datafield>
  <datafield tag="650" ind1=" " ind2=" ">
    <subfield code="a">TRANSMISS&#xC3;O DE DOEN&#xC7;A</subfield>
  </datafield>
  <datafield tag="650" ind1=" " ind2=" ">
    <subfield code="a">BACT&#xC9;RIA</subfield>
  </datafield>
  <datafield tag="650" ind1=" " ind2=" ">
    <subfield code="a">AMOSTRAGEM</subfield>
  </datafield>
  <datafield tag="650" ind1=" " ind2=" ">
    <subfield code="a">RIO DE JANEIRO</subfield>
  </datafield>
  <datafield tag="773" ind1="0" ind2=" ">
    <subfield code="0">1643</subfield>
    <subfield code="9">348216</subfield>
    <subfield code="d">Belo Horizonte-MG Universidade Federal de Minas Gerais - Escola de Veterinaria 1983</subfield>
    <subfield code="o">2025-0705</subfield>
    <subfield code="t">Arquivo Brasileiro de Medicina Veterin&#xE1;ria e Zootecnia (Brazil)</subfield>
    <subfield code="x">0102-0935</subfield>
    <subfield code="g">v. 68(6) p. 1470-1478; (2016)</subfield>
    <subfield code="w">BR2024004582</subfield>
  </datafield>
  <datafield tag="856" ind1=" " ind2=" ">
    <subfield code="u">https://www.scielo.br/j/abmvz/a/jqQzT8rscmGftyGBbw6PZ3D/?format=pdf&amp;lang=en</subfield>
  </datafield>
  <datafield tag="942" ind1=" " ind2=" ">
    <subfield code="c">ANA</subfield>
  </datafield>
  <datafield tag="999" ind1=" " ind2=" ">
    <subfield code="c">329888</subfield>
    <subfield code="d">329888</subfield>
  </datafield>
</record>
